e-business : (Record no. 6596)

MARC details
000 -LEADER
fixed length control field 00724nac a22001931u 4500
020 ## - INTERNATIONAL STANDARD BOOK NUMBER
International Standard Book Number 0618150366
082 ## - DEWEY DECIMAL CLASSIFICATION NUMBER
Classification number 658.84
Item number CAN
090 ## - LOCALLY ASSIGNED LC-TYPE CALL NUMBER (OCLC); LOCAL CALL NUMBER (OCLC)
-- 6596
-- 6596
100 ## - MAIN ENTRY--PERSONAL NAME
Personal name Canzer, Brahm.
245 ## - TITLE STATEMENT
Title e-business :
Remainder of title strategic thinking and practice /
Statement of responsibility, etc Brahm Canzer.
260 ## - PUBLICATION, DISTRIBUTION, ETC. (IMPRINT)
Place of publication, distribution, etc Boston, Mass. :
Name of publisher, distributor, etc Houghton Mifflin , c2003.
Date of publication, distribution, etc 2003
300 ## - PHYSICAL DESCRIPTION
Extent xvii, 366 p. :
Other physical details ill. ;
Dimensions 24 cm.
500 ## - GENERAL NOTE
General note distributer: Al-Ahram
504 ## - BIBLIOGRAPHY, ETC. NOTE
Bibliography, etc Includes bibliographical references and index.
511 ## - PARTICIPANT OR PERFORMER NOTE
Participant or performer note catalogued by: wessam
650 ## - SUBJECT ADDED ENTRY--TOPICAL TERM
Topical term or geographic name as entry element Electronic commerce
942 ## - ADDED ENTRY ELEMENTS (KOHA)
Item type Book - Borrowing
Call number prefix 658.84 CAN
Holdings
Withdrawn status Item status Damaged status Not for loan Home library Current library Shelving location Date acquired Source of acquisition Total Checkouts Total Renewals Full call number Barcode Date last seen Date last borrowed Koha item type
        Central Library Central Library First floor 27/11/2007 Purchase 9 7 658.84 CAN 000008358 15/07/2025 30/03/2016 Book - Borrowing